Loading...
| Fine Arts - Other Arts | 3 | 1 | 0 | 0 | 55 | 26 | 58.75 | 3 | 3 | 25.16 | 37.78 |
| Auditory Arts | 1 | 3 | 0 | 1 | 45 | 66 | 89.75 | 2 | 3 | 13.52 | 28.89 |
| Literature - British | 2 | 1 | 0 | 0 | 40 | 25 | 68.33 | 0 | 1 | 16.91 | 13.89 |
| Visual Arts | 1 | 2 | 2 | 0 | 25 | 40 | 76.33 | 1 | 1 | 14.62 | 16.11 |
| Other Academic | 1 | 1 | 0 | 0 | 25 | 74 | 78.00 | 0 | 0 | 24.55 | 26.67 |
| Social Science | 0 | 2 | 0 | 2 | 20 | 96 | 107.50 | 0 | 0 | 1.01 | 2.67 |
| Philosophy | 1 | 2 | 3 | 0 | 20 | 58 | 74.67 | 0 | 3 | 13.07 | 13.33 |
| Science - Chemistry | 0 | 1 | 0 | 1 | 10 | 116 | 116.00 | 0 | 0 | 0.09 | 2.22 |
| Science - Other | 0 | 1 | 0 | 0 | 10 | 115 | 115.00 | 0 | 0 | 1.21 | 2.22 |
| History - Ancient | 0 | 1 | 0 | 0 | 10 | 138 | 138.00 | 1 | 1 | 0.14 | 4.00 |
| Literature - European | 0 | 1 | 0 | 1 | 10 | 116 | 116.00 | 0 | 0 | 0.96 | 2.22 |
| Beliefs | 0 | 1 | 1 | 0 | 5 | 133 | 133.00 | 0 | 1 | 1.18 | 5.00 |
| Science - Physics | 0 | 0 | 1 | 0 | -5 | 0.00 | 0 | 0 | 0.00 | 0.00 | |
| Literature - American | 0 | 0 | 1 | 0 | -5 | 0.00 | 0 | 0 | 0.00 | 0.00 |